Readings in cost accounting, budgeting and control

Na minha lista:
Detalhes bibliográficos
Autor principal: Thomas, William E.
Formato: Livro
Idioma:inglês
Publicado em: Cincinnati South-Western Publ. Co. 1988
Edição:7. ed.
Assuntos:
Tags: Adicionar Tag
Sem tags, seja o primeiro a adicionar uma tag!

MARC

LEADER 00000nam a2200000 4500
001 c021913
005 20221206134859.2
020 |a 0-538-01340-0 
041 0 |a eng 
044 |a US 
245 1 0 |a Readings in cost accounting, budgeting and control  |c William E. Thomas 
250 |a 7. ed. 
264 1 |a Cincinnati  |b South-Western Publ. Co.  |c 1988 
300 |a 570 s. 
610 2 0 |a účtovníctvo 
610 2 0 |a účtovníctvo nákladové 
610 2 0 |a účtovanie nákladov 
610 2 0 |a náklady 
610 2 0 |a rozpočty 
610 2 0 |a kontrola 
610 2 0 |a obchod 
610 2 0 |a manažment 
610 2 0 |a rozhodovanie 
610 2 0 |a modely 
610 2 0 |a zodpovednosť 
610 2 0 |a systémy informačné 
100 1 |a Thomas, William E.